000 00230nam a2200097Ia 4500
008 231212s1982 xx 000 0 und d
041 _aeng
100 _aDas P.N.
245 _aAutomatic Telephony
260 _aJalagaon
_bButter
_c1982
999 _c960986
_d960986